000 01432cam a2200301 4500
001 M1645
008 090401t1994 xxu||||| |||| 00| 0 eng d
035 _a(Sirsi) u33519
041 _aeng
050 _a333.0062
090 _aRICS 1994/71ABCD
110 _aRoyal Institution of Chartered Surveyors
_94900
245 _aProfessional Practice Group workshop, St Anne`s College, Oxford 2/3 September 1994: conference report and speakers` papers.
260 _aLondon
_bRICS
_c1994
300 _aca.100p. : 30cm.
350 _a0
520 _aPapers presented: D. Green: Standards for the profession. / R. Holland: Trade association v professional body: how other professions cope. / A. Colquhoun: From conduct to competence. / D. Quayle: Consumer demand - an ombudsman`s perspective. / N. Morgan: Competence. / I Oddy: Professional Indemnity Insurance. / J. Ankcorn: Target MARS/CPII Monitoring. / P. Hirst: The way ahead for professional practice - issues for the committees in the next five years.
650 _aMONITORING AND INVESTIGATION COMMITTEE
650 _aPROFESSIONAL CONDUCT COMMITTEE
650 _aPROFESSIONAL INDEMNITY ASSURANCE
650 _aPROFESSIONAL PRACTICE GROUP
650 _aPROFESSIONAL PRACTICE
650 _aRICS RULES OF CONDUCT
650 _aSTANDARDS AND PRACTICE COMMITTEE
690 _aMANAGEMENT-BUSINESS MANAGEMENT-PROFESSIONAL PRACTICE
942 _n0
948 _c04/03/1997
999 _c89812
_d89812